[Event "BPB Limburg open C"]
[Site "Maastricht"]
[Date "2014.06.07"]
[Round "3"]
[White "Dubbeldam, Lydia"]
[Black "Schoppen, Jochem"]
[Result "1-0"]
[WhiteElo "1641"]
[BlackElo "1386"]
[PlyCount "111"]
[EventDate "2014.06.06"]
[EventType "swiss"]
[EventRounds "7"]
[EventCountry "NED"]
[Source "P.Boonen"]
[SourceDate "2014.10.10"]

1. e4 e5 2. Nf3 Nc6 3. d4 exd4 4. Nxd4 Nf6 5. Nxc6 bxc6 6. e5 Nd5 7. c4 Nb6 8.
Bd3 g6 9. O-O Bg7 10. f4 Ba6 11. Qe2 O-O 12. Nc3 Re8 13. c5 Bxd3 14. Qxd3 Nc8
15. Ne4 Ne7 16. Bd2 Nd5 17. Nc3 Nxc3 18. Bxc3 Qe7 19. Bb4 a5 20. Ba3 f6 21.
exf6 Bxf6 22. Rad1 Rad8 23. Rf3 Qe4 24. Kf2 Bh4+ 25. g3 Bf6 26. Re3 Qxe3+ 27.
Qxe3 Rxe3 28. Kxe3 Kf7 29. b3 Be7 30. Rc1 Re8 31. Kf2 Ra8 32. Rc4 Kf6 33. Kf3
Ra6 34. Ra4 d6 35. cxd6 Bxd6 36. Bb2+ Ke6 37. Bc3 Kd5 38. Rxa5+ Rxa5 39. Bxa5
Kc5 40. Bc3 Kb5 41. g4 c5 42. h4 c4 43. Ke4 cxb3 44. axb3 Kc6 45. h5 gxh5 46.
gxh5 Kd7 47. Kf5 Ke7 48. Be5 Bxe5 49. fxe5 Kf7 50. e6+ Ke7 51. b4 c6 52. h6 Ke8
53. Kf6 Kf8 54. e7+ Ke8 55. Ke6 c5 56. b5 1-0

[Event "BPB Limburg open C"]
[Site "Maastricht"]
[Date "2014.06.07"]
[Round "3"]
[White "Dubbeldam, Mathijs"]
[Black "Reusink, Hans"]
[Result "0-1"]
[WhiteElo "1350"]
[BlackElo "1553"]
[PlyCount "58"]
[EventDate "2014.06.06"]
[EventType "swiss"]
[EventRounds "7"]
[EventCountry "NED"]
[Source "P.Boonen"]
[SourceDate "2014.10.10"]

1. e4 c5 2. c4 Nc6 3. Nf3 e6 4. d4 cxd4 5. Nxd4 Qc7 6. Nc3 a6 7. Be3 Nf6 8. f4
Bb4 9. Bd3 Nxd4 10. Bxd4 Qxf4 11. g3 Qg5 12. Qe2 O-O 13. O-O Bc5 14. Bxc5 Qxc5+
15. Kh1 e5 16. Rxf6 gxf6 17. Nd5 Qd6 18. Rf1 f5 19. exf5 f6 20. Qh5 b5 21. Re1
Bb7 22. Re4 Bxd5 23. cxd5 Qxd5 24. Kg1 Kh8 25. Rh4 Qf7 26. Qg6 d5 27. Bc2 Ra7
28. Bb3 Rd7 29. Kf2 a5 0-1

[Event "BPB Limburg open C"]
[Site "Maastricht"]
[Date "2014.06.07"]
[Round "3"]
[White "Fortenbacher, Dominic"]
[Black "Schlepuetz, Volker"]
[Result "1/2-1/2"]
[WhiteElo "1337"]
[BlackElo "1437"]
[PlyCount "61"]
[EventDate "2014.06.06"]
[EventType "swiss"]
[EventRounds "7"]
[EventCountry "NED"]
[Source "P.Boonen"]
[SourceDate "2014.10.10"]

1. e4 e6 2. d4 d5 3. e5 c5 4. Nf3 Nc6 5. Bb5 Bd7 6. c3 Qb6 7. Bxc6 Bxc6 8. Qc2
cxd4 9. Nxd4 Ne7 10. Be3 Qc7 11. Nf3 Nf5 12. Bf4 Bc5 13. Nbd2 O-O 14. Nb3 Ba4
15. Qd3 Bxb3 16. axb3 Qb6 17. O-O Qxb3 18. Nd2 Qb6 19. b4 Be7 20. Nf3 Rfc8 21.
Rac1 Rc4 22. Bd2 Rac8 23. h3 Qd8 24. Kh2 b5 25. Ra1 Qd7 26. Ra6 Qb7 27. Rfa1
Ra8 28. g4 Nh4 29. Nxh4 Bxh4 30. Qe3 Rc7 31. Kg1 1/2-1/2

[Event "BPB Limburg open C"]
[Site "Maastricht"]
[Date "2014.06.07"]
[Round "3"]
[White "Godde, Matthias"]
[Black "Parren, Ashley"]
[Result "1-0"]
[WhiteElo "1277"]
[BlackElo "1405"]
[PlyCount "71"]
[EventDate "2014.06.06"]
[EventType "swiss"]
[EventRounds "7"]
[EventCountry "NED"]
[Source "P.Boonen"]
[SourceDate "2014.10.10"]

1. d4 d5 2. Nf3 Nf6 3. e3 Bf5 4. c4 e6 5. Nc3 c5 6. b3 Nc6 7. Bb2 Nb4 8. Rc1
Qa5 9. a3 Na2 10. b4 cxb4 11. Nxa2 Ne4 12. Bd3 b3+ 13. Nc3 Bxa3 14. Qxb3 Bxb2
15. Qxb2 Nxc3 16. Qxc3 Qxc3+ 17. Rxc3 Bxd3 18. Rxd3 dxc4 19. Rc3 Rc8 20. O-O b5
21. Nd2 a6 22. Ra1 Rc6 23. Rca3 c3 24. Ne4 c2 25. Nc5 Ke7 26. Rc3 Rhc8 27. Rxc2
e5 28. g3 exd4 29. exd4 Rd8 30. Re2+ Kf6 31. Rc2 Kg6 32. Rxa6 Rxa6 33. Nxa6
Rxd4 34. Rc6+ Kf5 35. Rc5+ Kg4 36. Rxb5 1-0

[Event "BPB Limburg open C"]
[Site "Maastricht"]
[Date "2014.06.07"]
[Round "3"]
[White "Godding, Mick"]
[Black "Lennartz, Ludwig"]
[Result "0-1"]
[WhiteElo "1616"]
[BlackElo "1511"]
[PlyCount "78"]
[EventDate "2014.06.06"]
[EventType "swiss"]
[EventRounds "7"]
[EventCountry "NED"]
[Source "P.Boonen"]
[SourceDate "2014.10.10"]

1. f4 d5 2. b3 Bf5 3. e3 Nf6 4. Bb2 e6 5. Nf3 h6 6. Nc3 Be7 7. Bd3 Bxd3 8. cxd3
Nbd7 9. O-O O-O 10. Ne2 c5 11. Rc1 Qa5 12. Bc3 Qb5 13. Qc2 Rac8 14. h3 c4 15.
dxc4 dxc4 16. Ned4 Qb6 17. a4 Nd5 18. a5 Qc5 19. b4 Nxb4 20. Bxb4 Qxb4 21. Rb1
Qxa5 22. Rxb7 Qd5 23. Rxa7 Bc5 24. Ra5 Nf6 25. Rfa1 Qe4 26. Qa4 Bxd4 27. Nxd4
Qd3 28. Nc6 Rfe8 29. Ra7 Nd5 30. Rd1 c3 31. Rxf7 Rxc6 32. Qxc6 Kxf7 33. Qb7+
Re7 34. Qb3 Rc7 35. f5 c2 36. Qxd3 cxd1=Q+ 37. Kf2 Nf6 38. fxe6+ Kxe6 39. g4
Qc2 0-1

[Event "BPB Limburg open C"]
[Site "Maastricht"]
[Date "2014.06.07"]
[Round "3"]
[White "Heijenrath, Jan"]
[Black "Visse, Bernard"]
[Result "1/2-1/2"]
[WhiteElo "1740"]
[BlackElo "1670"]
[PlyCount "58"]
[EventDate "2014.06.06"]
[EventType "swiss"]
[EventRounds "7"]
[EventCountry "NED"]
[Source "P.Boonen"]
[SourceDate "2014.10.10"]

1. Nf3 Nf6 2. c4 c6 3. Nc3 d5 4. cxd5 cxd5 5. d4 Nc6 6. Bf4 Qb6 7. Rc1 Bf5 8.
e3 e6 9. Be2 Be7 10. O-O O-O 11. Nh4 Rad8 12. Nxf5 exf5 13. Nb5 Rd7 14. b3 Ne4
15. f3 Nd6 16. Nxd6 Bxd6 17. Bxd6 Rxd6 18. f4 Ne7 19. Qd2 Rc6 20. Rxc6 Nxc6 21.
Rc1 Ne7 22. Qc3 Qe6 23. Bf3 Rc8 24. Qd2 b6 25. Rc3 Kf8 26. Qc1 Rxc3 27. Qxc3
Qd7 28. a3 Ke8 29. Be2 Kd8 1/2-1/2

[Event "BPB Limburg open C"]
[Site "Maastricht"]
[Date "2014.06.07"]
[Round "3"]
[White "Heinen, Dai"]
[Black "Sprong, Ton"]
[Result "0-1"]
[WhiteElo "1603"]
[BlackElo "1738"]
[PlyCount "138"]
[EventDate "2014.06.06"]
[EventType "swiss"]
[EventRounds "7"]
[EventCountry "NED"]
[Source "P.Boonen"]
[SourceDate "2014.10.10"]

1. e4 e6 2. Nf3 c5 3. Bc4 a6 4. d4 b5 5. Be2 Bb7 6. Nbd2 Nf6 7. e5 Nd5 8. c4
Nc7 9. Nb3 cxd4 10. Nbxd4 bxc4 11. Bxc4 Nc6 12. Nxc6 Bxc6 13. O-O d5 14. exd6
Bxd6 15. Be3 Bd5 16. Bxd5 Nxd5 17. Qa4+ Qd7 18. Qxd7+ Kxd7 19. Rfe1 Rab8 20.
Bd4 f6 21. Rad1 Rhc8 22. Rc1 Rxc1 23. Rxc1 e5 24. Bc3 Rc8 25. Bd2 Rxc1+ 26.
Bxc1 Nb4 27. a4 Nd3 28. Bd2 Nxb2 29. Ne1 Nxa4 30. Nd3 Kc6 31. Nb4+ Kb5 32. Nd5
Kc4 33. Ne3+ Kd3 34. Ba5 Bc5 35. Nd5 Ke2 36. Nc7 Bxf2+ 37. Kh1 Bb6 38. Bxb6
Nxb6 39. Nxa6 Kf1 40. Nc5 Nd5 41. Ne4 g6 42. g4 Ke2 43. Kg2 Ke3 44. Nd6 Kf4 45.
h3 e4 46. Ne8 Ke5 47. Kf2 Ke6 48. Ng7+ Kf7 49. Nf5 gxf5 50. gxf5 Ne7 51. Ke3
Nxf5+ 52. Kxe4 Kg6 53. Kf4 h5 54. Kf3 Kg5 55. Kg2 Kf4 56. Kf2 Ng3 57. Kg2 Ne4
58. Kh2 Kf3 59. h4 Kg4 60. Kg2 Kxh4 61. Kf3 Nd6 62. Kg2 Kg4 63. Kg1 Kf3 64. Kf1
f5 65. Kg1 f4 66. Kf1 Ne4 67. Kg1 Nd2 68. Kh1 Ke2 69. Kg1 f3 0-1

[Event "BPB Limburg open C"]
[Site "Maastricht"]
[Date "2014.06.07"]
[Round "3"]
[White "Heuts, Guido"]
[Black "Jedamczik, Kai"]
[Result "0-1"]
[WhiteElo "1345"]
[BlackElo "1492"]
[PlyCount "36"]
[EventDate "2014.06.06"]
[EventType "swiss"]
[EventRounds "7"]
[EventCountry "NED"]
[Source "P.Boonen"]
[SourceDate "2014.10.10"]

1. d4 d5 2. c4 c6 3. Nc3 g6 4. e3 Bg7 5. Nf3 e6 6. Be2 Nd7 7. O-O Ngf6 8. b3
O-O 9. Bb2 a6 10. Qc2 b6 11. Rfd1 Bb7 12. Bd3 c5 13. Qe2 Re8 14. Rac1 Qc7 15.
Nd2 e5 16. dxe5 Nxe5 17. Bc2 d4 18. exd4 Neg4 0-1

[Event "BPB Limburg open C"]
[Site "Maastricht"]
[Date "2014.06.07"]
[Round "3"]
[White "Katranov, Mikhail"]
[Black "Zhang, Martin"]
[Result "0-1"]
[WhiteElo "1248"]
[BlackElo "1546"]
[PlyCount "128"]
[EventDate "2014.06.06"]
[EventType "swiss"]
[EventRounds "7"]
[EventCountry "NED"]
[Source "P.Boonen"]
[SourceDate "2014.10.10"]

1. e4 e5 2. Nf3 Nc6 3. d4 exd4 4. Bc4 Nf6 5. O-O Nxe4 6. Re1 d5 7. Bxd5 Qxd5 8.
Nc3 Qd8 9. Rxe4+ Be7 10. Nxd4 Bd7 11. Nxc6 Bxc6 12. Qxd8+ Rxd8 13. Re2 Rd7 14.
Be3 O-O 15. Rb1 Bf6 16. Bc5 Rfd8 17. Rbe1 Rd2 18. Rxd2 Rxd2 19. Rc1 Bg5 20. Re1
Rxc2 21. Ba3 g6 22. h3 Bf6 23. Nd5 Bd4 24. Ne7+ Kg7 25. Rf1 Bb5 26. Rd1 Bxf2+
27. Kh2 Bc5 28. Bxc5 Rxc5 29. b4 Rc2 30. a3 Ra2 31. Rd5 c6 32. Rd7 Ba6 33. Nc8
Rxa3 34. Nxa7 Rc3 35. Nc8 Rc4 36. b5 cxb5 37. Nd6 Kf6 38. Nxc4 bxc4 39. Kg1 Ke6
40. Rd1 b5 41. Kf2 b4 42. Ke3 c3 43. Kd4 c2 44. Rc1 b3 45. Kc3 Bc4 46. Kb2 Kd5
47. g4 f5 48. Rg1 f4 49. Rg2 f3 50. Rf2 Ke4 51. h4 Ke3 52. Rh2 f2 53. Rh3+ Ke4
54. Rh1 f1=Q 55. Rxf1 Bxf1 56. Kc1 Kd3 57. Kb2 Kd2 58. Ka3 c1=Q+ 59. Kxb3 Qc3+
60. Ka4 Qb2 61. h5 gxh5 62. g5 Ke1 63. g6 hxg6 64. Ka5 Qb5# 0-1

[Event "BPB Limburg open C"]
[Site "Maastricht"]
[Date "2014.06.07"]
[Round "3"]
[White "Keetman, Sandra"]
[Black "Terwagne, Bertrand"]
[Result "0-1"]
[WhiteElo "1641"]
[BlackElo "1654"]
[PlyCount "98"]
[EventDate "2014.06.06"]
[EventType "swiss"]
[EventRounds "7"]
[EventCountry "NED"]
[Source "P.Boonen"]
[SourceDate "2014.10.10"]

1. e4 e5 2. Nf3 Nc6 3. Bc4 Bc5 4. Nc3 Nf6 5. d3 d6 6. h3 h6 7. O-O O-O 8. Be3
Bb6 9. Qd2 Re8 10. Nd5 Nxd5 11. Bxd5 Ne7 12. Bb3 Ng6 13. Rfe1 Qf6 14. Bxb6 axb6
15. Re3 Nf4 16. Nh2 Qg5 17. g3 Nxh3+ 18. Kf1 Qg6 19. Nf3 Ng5 20. Nh4 Qf6 21.
Qe2 Be6 22. Bxe6 Qxe6 23. Nf5 Kh8 24. Qh5 Qg6 25. Qxg6 fxg6 26. Nh4 Kh7 27. Nf3
Ne6 28. a3 g5 29. c3 Nc5 30. Nd2 Rf8 31. Ke2 g4 32. f3 gxf3+ 33. Rxf3 Rxf3 34.
Nxf3 Rf8 35. Rf1 Rf6 36. g4 Ne6 37. Ke3 Rf4 38. Nh2 Rxf1 39. Nxf1 Kg6 40. Ng3
Kg5 41. Kf3 Nc5 42. d4 Na4 43. dxe5 dxe5 44. Nf5 g6 45. Ng7 c6 46. Ne6+ Kf6 47.
Nd8 Nxb2 48. Nxb7 Nc4 49. a4 Ke7 0-1

[Event "BPB Limburg open C"]
[Site "Maastricht"]
[Date "2014.06.07"]
[Round "3"]
[White "Krug, Franz Dieter"]
[Black "Smits, Marc"]
[Result "0-1"]
[WhiteElo "1596"]
[BlackElo "1532"]
[PlyCount "84"]
[EventDate "2014.06.06"]
[EventType "swiss"]
[EventRounds "7"]
[EventCountry "NED"]
[Source "P.Boonen"]
[SourceDate "2014.10.10"]

1. d4 Nf6 2. c4 d6 3. Nc3 Nbd7 4. Nf3 c6 5. e3 e5 6. dxe5 dxe5 7. e4 Qc7 8. a3
Be7 9. b4 O-O 10. Bd3 h6 11. O-O Nh7 12. h3 Ndf6 13. Bb2 Nd7 14. Rc1 Qd8 15.
Ne2 Bf6 16. Ng3 g6 17. Qd2 Bg7 18. Nh2 Qg5 19. Qc3 Re8 20. Rce1 Nb6 21. Bc2 Be6
22. c5 Nd7 23. f4 Qe7 24. f5 gxf5 25. exf5 Bd5 26. Rf4 Qf8 27. Nh5 exf4 28.
Nxg7 Rxe1+ 29. Qxe1 Nhf6 30. Bxf6 Nxf6 31. Ne6 fxe6 32. fxe6 Qg7 33. Qe2 Re8
34. Bf5 Qg3 35. Nf1 Qc3 36. Nh2 Qe3+ 37. Qxe3 fxe3 38. Ng4 Nxg4 39. Bxg4 Bxe6
40. Be2 Rf8 41. Bf3 Bd5 42. Bxd5+ cxd5 0-1

[Event "BPB Limburg open C"]
[Site "Maastricht"]
[Date "2014.06.07"]
[Round "3"]
[White "Kumpen, Jona"]
[Black "Krohn, Malte"]
[Result "1-0"]
[WhiteElo "1532"]
[BlackElo "1617"]
[PlyCount "77"]
[EventDate "2014.06.06"]
[EventType "swiss"]
[EventRounds "7"]
[EventCountry "NED"]
[Source "P.Boonen"]
[SourceDate "2014.10.10"]

1. d4 d5 2. Nf3 Nf6 3. e3 c5 4. c3 Bg4 5. Bd3 e6 6. Nbd2 Nc6 7. O-O Bd6 8. Qc2
c4 9. Be2 Bf5 10. Qd1 Qc7 11. h3 O-O 12. Nh4 b5 13. Nxf5 exf5 14. b3 a5 15. a4
Ne4 16. Nxe4 fxe4 17. axb5 Ne7 18. Ba3 Bxa3 19. Rxa3 Rfc8 20. bxc4 dxc4 21. Qc2
f5 22. Ra4 Qb6 23. Rxc4 Rxc4 24. Bxc4+ Kh8 25. Be2 Nd5 26. Qb3 Rd8 27. Rc1 f4
28. c4 Nb4 29. c5 Qf6 30. c6 f3 31. Bf1 Rf8 32. g3 Nd3 33. Bxd3 exd3 34. Qxd3
Qe6 35. Kh2 Rf6 36. b6 Rh6 37. Qf1 Qc8 38. b7 Qc7 39. Qb5 1-0

[Event "BPB Limburg open C"]
[Site "Maastricht"]
[Date "2014.06.07"]
[Round "3"]
[White "Lammes, Pim"]
[Black "Hammers, Michael"]
[Result "0-1"]
[WhiteElo "1636"]
[BlackElo "1604"]
[PlyCount "52"]
[EventDate "2014.06.06"]
[EventType "swiss"]
[EventRounds "7"]
[EventCountry "NED"]
[Source "P.Boonen"]
[SourceDate "2014.10.10"]

1. e4 e6 2. d4 d5 3. exd5 exd5 4. c3 Bd6 5. Bd3 Ne7 6. Bg5 O-O 7. Qc2 h6 8. Bh4
Re8 9. Ne2 c6 10. Nd2 Qc7 11. O-O-O a5 12. Rde1 b5 13. a3 b4 14. cxb4 axb4 15.
a4 Ba6 16. b3 c5 17. Kb1 Bxd3 18. Qxd3 Rc8 19. dxc5 Bxc5 20. Rc1 Qd7 21. Bxe7
Qxe7 22. Rhe1 Na6 23. Ng3 Qd7 24. Nge4 Qb7 25. Nxc5 Rxc5 26. Re5 Rxc1+ 0-1

[Event "BPB Limburg open C"]
[Site "Maastricht"]
[Date "2014.06.07"]
[Round "3"]
[White "Laureys, Jo"]
[Black "Dewilde, Rudi"]
[Result "1/2-1/2"]
[WhiteElo "1264"]
[BlackElo "1190"]
[PlyCount "155"]
[EventDate "2014.06.06"]
[EventType "swiss"]
[EventRounds "7"]
[EventCountry "NED"]
[Source "P.Boonen"]
[SourceDate "2014.10.10"]

1. d4 d5 2. Bf4 e6 3. Nf3 Bd6 4. Bxd6 Qxd6 5. e3 Nc6 6. Bd3 e5 7. Bb5 Qb4+ 8.
Nc3 a6 9. Bxc6+ bxc6 10. Nxe5 Qxb2 11. Ne2 Ne7 12. O-O Bf5 13. Nd3 Bxd3 14.
Qxd3 Qb4 15. Rab1 Qd6 16. Ng3 g6 17. Rfe1 O-O 18. e4 f6 19. c4 f5 20. e5 Qe6
21. c5 f4 22. Ne2 Qf5 23. Qd2 g5 24. f3 Ng6 25. Rf1 g4 26. Qc3 Nh4 27. Rf2
Qxb1+ 28. Nc1 gxf3 29. g3 Qg6 30. Qd2 fxg3 31. hxg3 Qxg3+ 32. Kf1 Kh8 33. Rh2
f2 34. Rxf2 Rxf2+ 35. Qxf2 Rg8 36. Qf6+ Qg7 37. Qxh4 Qg2+ 38. Ke1 Qg3+ 39. Qxg3
Rxg3 40. Ne2 Re3 41. Kd2 Rh3 42. e6 Rh6 43. Nf4 Rxe6 44. Nxe6 h5 45. Ke2 Kh7
46. Kf2 Kg6 47. Kg3 Kf5 48. Nxc7 a5 49. Kh4 Ke4 50. Ne6 Kd3 51. Kxh5 Kc3 52.
Kg5 a4 53. Kf5 Kb2 54. Nc7 Kxa2 55. Nb5 Kb3 56. Ke5 Kc4 57. Na3+ Kb4 58. Nc2+
Kb3 59. Na1+ Kb2 60. Kd6 Kxa1 61. Kxc6 a3 62. Kxd5 a2 63. c6 Kb1 64. c7 a1=Q
65. c8=Q Qa5+ 66. Qc5 Qd8+ 67. Kc4 Qg8+ 68. d5 Qg4+ 69. Kb5 Qe2+ 70. Kc6 Qe8+
71. Kb6 Qb8+ 72. Kc6 Qe8+ 73. Kd6 Qd8+ 74. Ke5 Qg5+ 75. Ke6 Qg8+ 76. Kf6 Qh8+
77. Ke7 Qg7+ 78. Kd6 1/2-1/2

[Event "BPB Limburg open C"]
[Site "Maastricht"]
[Date "2014.06.07"]
[Round "3"]
[White "Loutragotis, Paraske"]
[Black "Merz, Jean Philippe"]
[Result "1-0"]
[WhiteElo "1570"]
[BlackElo "1690"]
[PlyCount "43"]
[EventDate "2014.06.06"]
[EventType "swiss"]
[EventRounds "7"]
[EventCountry "NED"]
[Source "P.Boonen"]
[SourceDate "2014.10.10"]

1. d4 d5 2. c4 c6 3. Nf3 dxc4 4. a4 Nf6 5. Nc3 Bf5 6. e3 e6 7. Bxc4 Bd6 8. O-O
Qc7 9. Qe2 O-O 10. e4 Ng4 11. exf5 Bxh2+ 12. Kh1 exf5 13. Ng5 Nd7 14. d5 Rae8
15. d6 Bxd6 16. Bxf7+ Rxf7 17. Qxe8+ Rf8 18. Qe6+ Kh8 19. Nf7+ Rxf7 20. Qxf7
Be7 21. g3 Nxf2+ 22. Kg2 1-0

[Event "BPB Limburg open C"]
[Site "Maastricht"]
[Date "2014.06.07"]
[Round "3"]
[White "Mertens, Yannick"]
[Black "Bauchmueller, Heinrich"]
[Result "1/2-1/2"]
[WhiteElo "1711"]
[BlackElo "1348"]
[PlyCount "152"]
[EventDate "2014.06.06"]
[EventType "swiss"]
[EventRounds "7"]
[EventCountry "NED"]
[Source "P.Boonen"]
[SourceDate "2014.10.10"]

1. Nf3 c5 2. g3 Nc6 3. Bg2 g6 4. O-O Bg7 5. d3 Nf6 6. e4 d6 7. Nbd2 O-O 8. Re1
Nd7 9. Nf1 Nde5 10. Ne3 e6 11. Nd2 f5 12. f4 Ng4 13. Ndf1 Nxe3 14. Nxe3 fxe4
15. dxe4 Qc7 16. c3 b5 17. a3 Bb7 18. Bh3 Rae8 19. Qb3 Nd8 20. Qc2 Bc8 21. Rd1
Nb7 22. Rf1 Bh6 23. Ng4 Bg7 24. Nf2 c4 25. Nd1 Nc5 26. Nf2 Bb7 27. Be3 Bc8 28.
Rad1 Bh6 29. Ng4 Bg7 30. Bxc5 Qxc5+ 31. Qf2 Qc7 32. Qd2 Rd8 33. Ne3 Kh8 34. g4
Bb7 35. Bg2 d5 36. e5 Rf7 37. g5 Bf8 38. Nc2 Bc5+ 39. Nd4 Rdf8 40. Kh1 Qb6 41.
h4 a5 42. Bh3 Bxd4 43. Qxd4 Qxd4 44. Rxd4 Re7 45. Kg2 Kg7 46. Kg3 Rb8 47. h5
gxh5 48. Kh4 Bc6 49. Rb1 b4 50. Rdd1 Rf7 51. Rf1 Bd7 52. axb4 axb4 53. Rbc1
bxc3 54. bxc3 Rbf8 55. Kg3 Re7 56. Rf2 Kh8 57. Kh4 Be8 58. Bf1 Bg6 59. Be2 Rd7
60. Rd1 Rdf7 61. Rdf1 Bd3 62. Bxd3 cxd3 63. Kg3 d2 64. Rxd2 h4+ 65. Kg4 Rc8 66.
Rd3 Rfc7 67. Rc1 Rc4 68. Rh1 Rf8 69. Rd4 Rxc3 70. Kxh4 Rc4 71. Rxc4 dxc4 72.
Kg4 Kg7 73. Rc1 Rc8 74. f5 exf5+ 75. Kxf5 c3 76. e6 Rc5+ 1/2-1/2

[Event "BPB Limburg open C"]
[Site "Maastricht"]
[Date "2014.06.07"]
[Round "3"]
[White "Mitran, Ovi"]
[Black "Montforts, Ton"]
[Result "1-0"]
[WhiteElo "1612"]
[BlackElo "1650"]
[PlyCount "103"]
[EventDate "2014.06.06"]
[EventType "swiss"]
[EventRounds "7"]
[EventCountry "NED"]
[Source "P.Boonen"]
[SourceDate "2014.10.10"]

1. c4 e5 2. Nc3 Nc6 3. Nf3 f5 4. d3 Nf6 5. g3 d5 6. cxd5 Nxd5 7. Bg2 Bb4 8. Bd2
Nxc3 9. bxc3 Bc5 10. Be3 Bxe3 11. fxe3 O-O 12. O-O Be6 13. Qc2 Qe7 14. Qb2 Rab8
15. Nd2 f4 16. exf4 exf4 17. gxf4 Qh4 18. e3 Ne7 19. Nf3 Qg4 20. Ne5 Qh5 21. e4
g6 22. Rf3 Qh4 23. Raf1 Qf6 24. c4 c6 25. Rg3 Kh8 26. Qa3 a6 27. d4 Rbd8 28. d5
cxd5 29. cxd5 Bc8 30. Kh1 Rg8 31. Nd3 Qg7 32. Rc1 Qf7 33. Qc3+ Qg7 34. Qd2 Qd4
35. Rg5 Bd7 36. Qc3 Qxc3 37. Rxc3 Nc8 38. Nc5 Nb6 39. Nxb7 Rb8 40. Nc5 Rbc8 41.
h4 Bb5 42. Rgg3 Rgf8 43. Bh3 Rce8 44. Ne6 Rf7 45. f5 gxf5 46. Bxf5 Nxd5 47. Rc5
Nf6 48. Nc7 Nxe4 49. Bxe4 Rf1+ 50. Kg2 Rd1 51. Nxb5 axb5 52. Rc2 1-0

[Event "BPB Limburg open C"]
[Site "Maastricht"]
[Date "2014.06.07"]
[Round "3"]
[White "Muntean, Adrian"]
[Black "Welling, Ella"]
[Result "1-0"]
[WhiteElo "1000"]
[BlackElo "1000"]
[PlyCount "89"]
[EventDate "2014.06.06"]
[EventType "swiss"]
[EventRounds "7"]
[EventCountry "NED"]
[Source "P.Boonen"]
[SourceDate "2014.10.10"]

1. e4 b6 2. d4 Bb7 3. Nc3 Nf6 4. e5 Nd5 5. Nxd5 Bxd5 6. c4 Bb7 7. Nf3 e6 8. d5
Be7 9. h4 O-O 10. Qd3 f5 11. Bg5 Qe8 12. Bxe7 Qxe7 13. O-O-O Qc5 14. dxe6 dxe6
15. Ng5 Be4 16. Nxe6 Qxe5 17. Qg3 Qxe6 18. Qxc7 Na6 19. Qf4 Nb4 20. b3 Nxa2+
21. Kb2 Nb4 22. c5 Rad8 23. Bc4 Nd3+ 24. Rxd3 Rd5 25. Bxd5 Bxd5 26. Rhd1 Bxg2
27. Rd6 Qe2+ 28. R1d2 Qe7 29. Qc4+ Kh8 30. c6 Qe5+ 31. Qc3 Qxc3+ 32. Kxc3 h6
33. c7 Bb7 34. Rd8 Kg8 35. Rxf8+ Kxf8 36. c8=Q+ Bxc8 37. Rd8+ Kf7 38. Rxc8 g5
39. hxg5 hxg5 40. Rc6 g4 41. Kd3 Ke7 42. Ke3 Kd7 43. Rg6 Kc7 44. Kf4 a5 45.
Kxf5 1-0

[Event "BPB Limburg open C"]
[Site "Maastricht"]
[Date "2014.06.07"]
[Round "3"]
[White "Nissel, Andreas"]
[Black "Mitran, Marie"]
[Result "0-1"]
[WhiteElo "1737"]
[BlackElo "1466"]
[PlyCount "30"]
[EventDate "2014.06.06"]
[EventType "swiss"]
[EventRounds "7"]
[EventCountry "NED"]
[Source "P.Boonen"]
[SourceDate "2014.10.10"]

1. d4 d5 2. Nf3 Nf6 3. e3 Bg4 4. Bd3 e6 5. Nbd2 Bd6 6. O-O O-O 7. c3 Nbd7 8. e4
e5 9. exd5 exd4 10. Nc4 Re8 11. cxd4 Nxd5 12. Bxh7+ Kxh7 13. Ng5+ Qxg5 14. Qd3+
Qg6 15. Qb3 N5b6 0-1

[Event "BPB Limburg open C"]
[Site "Maastricht"]
[Date "2014.06.07"]
[Round "3"]
[White "Olmoz Sanz, Francisco"]
[Black "Katoen, Tom"]
[Result "0-1"]
[WhiteElo "1655"]
[BlackElo "1398"]
[PlyCount "61"]
[EventDate "2014.06.06"]
[EventType "swiss"]
[EventRounds "7"]
[EventCountry "NED"]
[Source "P.Boonen"]
[SourceDate "2014.10.10"]

1. c4 d6 2. d4 Nd7 3. Nf3 g6 4. Nc3 Bg7 5. e4 e5 6. Be2 Ne7 7. O-O O-O 8. Bg5
f6 9. Be3 h6 10. Rc1 Kh7 11. Qc2 f5 12. dxe5 Nxe5 13. exf5 Bxf5 14. Qd2 Be6 15.
b3 Nf5 16. Nd4 Qf6 17. Nxe6 Qxe6 18. Nd5 Rf7 19. f4 Nc6 20. Bg4 h5 21. Bh3 Qd7
22. Rcd1 Re8 23. Bf2 Nce7 24. Bd4 Nxd5 25. cxd5 Bxd4+ 26. Qxd4 Nxd4 27. Bxd7
Ne2+ 28. Kh1 Rxd7 29. g3 Nc3 30. Rd2 Rde7 31. Rff2 0-1

[Event "BPB Limburg open C"]
[Site "Maastricht"]
[Date "2014.06.07"]
[Round "3"]
[White "Oosterlinck, Freddy"]
[Black "Van Dijk, Simon"]
[Result "1-0"]
[WhiteElo "1000"]
[BlackElo "1347"]
[PlyCount "67"]
[EventDate "2014.06.06"]
[EventType "swiss"]
[EventRounds "7"]
[EventCountry "NED"]
[Source "P.Boonen"]
[SourceDate "2014.10.10"]

1. e4 e5 2. Nf3 Qe7 3. Nc3 c6 4. d4 d6 5. dxe5 dxe5 6. Be2 h6 7. Be3 Nf6 8. h3
Nbd7 9. a3 Nc5 10. Bxc5 Qxc5 11. O-O g6 12. Qd2 Bg7 13. b4 Qe7 14. b5 O-O 15.
a4 Be6 16. Rfd1 Rad8 17. Qe3 c5 18. Nxe5 Bxh3 19. Nxg6 fxg6 20. Qxh3 Nxe4 21.
Bc4+ Kh7 22. Rxd8 Rxd8 23. Re1 Bxc3 24. Qxc3 Qh4 25. Qf3 Ng5 26. Qxb7+ Kh8 27.
Bd3 Rf8 28. Re2 Qxa4 29. Qe7 Rf7 30. Qe8+ Kh7 31. Re6 Qa1+ 32. Kh2 Nxe6 33.
Qxf7+ Ng7 34. Bxg6+ 1-0

[Event "BPB Limburg open C"]
[Site "Maastricht"]
[Date "2014.06.07"]
[Round "3"]
[White "Oxener, Aldo"]
[Black "Deider, Kevin"]
[Result "0-1"]
[WhiteElo "1506"]
[BlackElo "1057"]
[PlyCount "55"]
[EventDate "2014.06.06"]
[EventType "swiss"]
[EventRounds "7"]
[EventCountry "NED"]
[Source "P.Boonen"]
[SourceDate "2014.10.10"]

1. d4 e5 2. dxe5 Nc6 3. Nf3 Qe7 4. Bf4 Qb4+ 5. Qd2 Qxb2 6. Qd5 Nb4 7. Qb3 Nxc2+
8. Kd1 Qxb3 9. axb3 Nxa1 10. Nbd2 d6 11. Kc1 Be6 12. Kb2 Nxb3 13. Nxb3 Bxb3 14.
Kxb3 O-O-O 15. Ng5 Nh6 16. e4 dxe5 17. Be3 f6 18. Ne6 Rd6 19. Bc4 Kd7 20. Nxf8+
Rxf8 21. Bc5 Ng4 22. f3 Nh6 23. Bxd6 Kxd6 24. Rd1+ Ke7 25. Bb5 c5 26. Bc4 Rd8
27. Bd5 Nf7 28. Kc3 {.....} 0-1

[Event "BPB Limburg open C"]
[Site "Maastricht"]
[Date "2014.06.07"]
[Round "3"]
[White "Petry, Richard"]
[Black "Ten Have, Dimitri"]
[Result "0-1"]
[WhiteElo "1151"]
[BlackElo "1041"]
[PlyCount "36"]
[EventDate "2014.06.06"]
[EventType "swiss"]
[EventRounds "7"]
[EventCountry "NED"]
[Source "P.Boonen"]
[SourceDate "2014.10.10"]

1. d4 d5 2. Nc3 Nf6 3. Nf3 Bf5 4. e3 e6 5. Be2 Bd6 6. Qd2 a6 7. b3 O-O 8. Na4
Nbd7 9. Nb2 c5 10. c4 Ne4 11. Qd1 Nc3 12. Qd2 Nxe2 13. Qxe2 Bg4 14. O-O e5 15.
Qe1 Bxf3 16. gxf3 Qh4 17. dxe5 Nxe5 18. Kg2 Nd3 0-1

[Event "BPB Limburg open C"]
[Site "Maastricht"]
[Date "2014.06.07"]
[Round "3"]
[White "Raats, Joppe"]
[Black "Lennartz, Tim"]
[Result "1-0"]
[WhiteElo "1150"]
[BlackElo "1087"]
[PlyCount "79"]
[EventDate "2014.06.06"]
[EventType "swiss"]
[EventRounds "7"]
[EventCountry "NED"]
[Source "P.Boonen"]
[SourceDate "2014.10.10"]

1. e4 e5 2. Nf3 Nc6 3. Bc4 Nd4 4. Nc3 Nxf3+ 5. Qxf3 Nf6 6. d3 c6 7. Bg5 Be7 8.
Bxf6 Bxf6 9. O-O O-O 10. Rad1 b5 11. Bb3 a5 12. a3 a4 13. Ba2 d6 14. h3 Rb8 15.
Ne2 Bh4 16. Ng3 Bb7 17. Nf5 Bg5 18. Qg3 Bf6 19. Nh6+ Kh8 20. Nxf7+ Rxf7 21.
Bxf7 d5 22. Bh5 c5 23. f4 exf4 24. Qxf4 Qg8 25. e5 Be7 26. Qf7 Qd8 27. Rf2 c4
28. dxc4 Bc5 29. Rdf1 Bxf2+ 30. Rxf2 dxc4 31. e6 g6 32. e7 Qg8 33. Bg4 Bc6 34.
Qf6+ Qg7 35. Qxc6 Qxe7 36. Re2 Qa7+ 37. Kh1 Qf7 38. Qd6 Rf8 39. Qd4+ Kg8 40.
Be6 1-0